000 00906nam a22003017a 4500
003 CHAP
005 20220329143549.0
008 100602s2009 mx r 00010 spa d
010 _a98576
011 _a99548
020 _a9786071200952
035 _a110234
040 _cCHAP
082 1 4 _a861.1
_bJ97
100 1 _aJuárez Téllez, María Ángeles.
_962492
245 1 0 _aDe cándidos recreos
_c/por María Ángeles Juárez Téllez
260 _aChapingo, Méx. :
_bUACH,
_c2009
300 _a93 p.
590 _aBATCH-UPD
_b10
_c20130110
_lUCH01
_h1240
590 _aBATCH-UPD
_b10
_c20130410
_lUCH01
_h0806
590 _aBATCH-UPD
_b10
_c20130914
_lUCH01
_h1706
590 _aCONVERSION
_b10
_c20130109
_lUCH01
_h1354
650 1 4 _aLiteratura.
_967113
650 1 4 _aPoesía.
_990141
901 _aBK
942 _cLIBRO
949 _a808.81 J97
_bBC
_cUACH
_d33724002172454
_eUACH
_gI.c/e
_h112711
_i110234
_sb
999 _c98576
_d98576